000 00227 a2200097 4500
001 35248
100 _aRinearson P
245 _aMicrosoft Word Style Sheets
260 _aWashington
_bMicrosoft Press
_c
090 _c23359
_d23359
942 _aNUST-CAE
_cM
_c14846
999 _c270321
_d270321